Všeobecnovedná lexika v odbornom texte

Autorka prezentuje a porovnáva výsledky analýzy slovenského a nemeckého odborného ekonomického textu z hľadiska rozvrstvenia slovnej zásoby na lexiku odbornú, všeobecnovednú a hovorovú. Analyzuje substantívum ako signifikantné pojmové slovo odborného jazyka a metódou frekvenčnej štatistiky zisťuje j...

Ausführliche Beschreibung

Gespeichert in:
Bibliographische Detailangaben
1. Verfasser: Peczeová, Eleonóra
Format: Buchkapitel
Sprache:Slowakisch
Schlagworte:
Tags: Tag hinzufügen
Keine Tags, Fügen Sie das erste Tag hinzu!

MARC

LEADER 00000nla a2200000 4500
001 0181757
005 20240502073122.7
041 0 |a slo 
044 |a SK 
245 1 0 |a Všeobecnovedná lexika v odbornom texte  |c Eleonóra Peczeová 
520 |a Autorka prezentuje a porovnáva výsledky analýzy slovenského a nemeckého odborného ekonomického textu z hľadiska rozvrstvenia slovnej zásoby na lexiku odbornú, všeobecnovednú a hovorovú. Analyzuje substantívum ako signifikantné pojmové slovo odborného jazyka a metódou frekvenčnej štatistiky zisťuje jeho zastúpenie a fungovanie vo všeobecnovednej lexike. Pozornosť pritom venuje nominalizácii, predložkovým výrazom i verbonominálnym konštrukciám, teda javom, ktoré patria k základným prostriedkom odborného vyjadrovania. 
610 2 0 |a jazyk odborný 
610 2 0 |a jazyk materinský 
610 2 0 |a jazyky cudzie 
610 2 0 |a nemčina 
610 2 0 |a slovenčina 
610 2 0 |a analýzy 
610 2 0 |a ekonómia 
100 1 |a Peczeová, Eleonóra